Creatures of the Mesozoic Multiple Choice - Statistics

General Stats
  • This quiz has been taken 18 times
    16 since last reset
  • The average score is 20 of 25
Answer Stats
Question Answer % Correct
Tyrannosaurus rex Cretaceous
100%
Quetzalcoatlus Cretaceous
93%
Velociraptor Cretaceous
93%
Spinosaurus Cretaceous
93%
Megatherium Not a creature from the Mesozoic
93%
Glyptodon Not a creature from the Mesozoic
93%
Triceratops Cretaceous
86%
Stegosaurus Jurassic
86%
Diplodocus Jurassic
86%
Allosaurus Jurassic
86%
Trilobite Not a creature from the Mesozoic
86%
Megalodon Not a creature from the Mesozoic
86%
Coelophysis Triassic
86%
Pachycephalosaurus Cretaceous
79%
Ankylosaurus Cretaceous
79%
Brachiosaurus Jurassic
79%
Dimetrodon Not a creature from the Mesozoic
79%
Plateosaurus Triassic
79%
Iguanodon Cretaceous
71%
Archaeopteryx Jurassic
71%
Eoraptor Triassic
71%
Postosuchus Triassic
71%
Pterodactylus Jurassic
57%
Liopleurodon Jurassic
57%
Compsognathus Jurassic
57%
No matching quizzes found
Score Distribution
Percent of People with Each Score
Percentile by Number Answered
Your Score History
You have not taken this quiz since the last reset